Podnikateľský plán vybraného podniku bakalárska práca

Uložené v:
Podrobná bibliografia
Hlavný autor: Klačan, Dávid
Korporativný autor: Fakulta podnikového manažmentu EU. Katedra manažmentu
Ďalší autori: Čambalíková, Andrea, 1990-
Médium: Kniha
Jazyk:Slovak
Vydavateľské údaje: Bratislava 2023
Tagy: Pridať tag
Žiadne tagy, Buďte prvý, kto otaguje tento záznam!

MARC

LEADER 00000nbm a2200000 4500
001 0293682
005 20240220101103.7
041 0 |a slo 
044 |a SK 
245 1 0 |a Podnikateľský plán vybraného podniku  |b bakalárska práca  |c Dávid Klačan ; školiteľ: Andrea Čambalíková 
264 1 |a Bratislava  |c 2023 
300 |a 65 s. 
100 1 |a Klačan, Dávid 
700 1 |a Čambalíková, Andrea, 1990- 
710 2 |a Fakulta podnikového manažmentu EU. Katedra manažmentu